Uniformed Service Seals of the United States - Statistics

General Stats
  • This quiz has been taken 9 times
  • The average score is 6 of 8
Answer Stats
Picture Answer % Correct
United States Air Force
100%
United States Army
100%
United States Coast Guard
100%
United States Marine Corps
100%
United States Space Force
100%
United States Navy
88%
National Oceanic and Atmospheric Administration Commissioned Officer Corps
25%
Public Health Service Commissioned Corps
25%
No matching quizzes found
Score Distribution
Percent of People with Each Score
Percentile by Number Answered
Your Score History
You have not taken this quiz